U S REGULATION OF THE INTERNATIONAL SECU (Record no. 20086)
[ view plain ]
| 000 -LEADER | |
|---|---|
| fixed length control field | 00344nam a2200145Ia 4500 |
| 008 - FIXED-LENGTH DATA ELEMENTS--GENERAL INFORMATION | |
| fixed length control field | 240624s9999 xx 000 0 und d |
| 041 ## - LANGUAGE CODE | |
| Language code of text/sound track or separate title | eng |
| 082 ## - DEWEY DECIMAL CLASSIFICATION NUMBER | |
| Classification number | 332 GRE |
| 100 ## - MAIN ENTRY--PERSONAL NAME | |
| Personal name | GREENE EDWARD |
| 245 ## - TITLE STATEMENT | |
| Title | U S REGULATION OF THE INTERNATIONAL SECU |
| 250 ## - EDITION STATEMENT | |
| Edition statement | (10th ed.) |
| 260 ## - PUBLICATION, DISTRIBUTION, ETC. | |
| Place of publication, distribution, etc. | London |
| Name of publisher, distributor, etc. | Wolters Kluwer |
| 365 ## - TRADE PRICE | |
| Currency code | |
| Price amount | 26 |
| 440 ## - SERIES STATEMENT/ADDED ENTRY--TITLE | |
| Volume/sequential designation | 2 |
| Withdrawn status | Lost status | Damaged status | Not for loan | Home library | Current library | Shelving location | Date acquired | Source of acquisition | Cost, normal purchase price | Full call number | Barcode | Date last seen | Copy number | Price effective from | Koha item type |
|---|---|---|---|---|---|---|---|---|---|---|---|---|---|---|---|
| IMTN | IMTN | Rack 9-A | 10/09/2012 | TB | 535.00 | 332 GRE | 20086 | 06/24/2024 | 58.6 | 06/24/2024 | Books |